PRAMEHA (Record no. 16703)
[ view plain ]
| 000 -LEADER | |
|---|---|
| fixed length control field | 00307nam a22001457a 4500 |
| 003 - CONTROL NUMBER IDENTIFIER | |
| control field | SGT |
| 020 ## - INTERNATIONAL STANDARD BOOK NUMBER | |
| International Standard Book Number | 978--9781608-61-6 |
| 082 ## - DEWEY DECIMAL CLASSIFICATION NUMBER | |
| Classification number | 615.53 |
| Item number | P15M |
| 100 ## - MAIN ENTRY--PERSONAL NAME | |
| Personal name | MANOHAR,SUJITHRA |
| 245 ## - TITLE STATEMENT | |
| Title | PRAMEHA |
| 260 ## - PUBLICATION, DISTRIBUTION, ETC. (IMPRINT) | |
| Place of publication, distribution, etc | VARANASI |
| Name of publisher, distributor, etc | CHAUKHAMBA PUB |
| Year of Publication | 2015 |
| 300 ## - PAGE DESCRIPTION | |
| No. of Pages | 425 |
| 650 ## - SUBJECT ADDED ENTRY--TOPICAL TERM | |
| Topical term or geographic name as entry element | AYURVEDA |
| 942 ## - ADDED ENTRY ELEMENTS (KOHA) | |
| Source of classification or shelving scheme | Dewey Decimal Classification |
| Koha item type | Books |
| Withdrawn status | Lost status | Source of classification or shelving scheme | Damaged status | Not for loan | Collection code | Home library | Current library | Shelving location | Date acquired | Vendor Name | Cost, normal purchase price | SGTU | Bill Number | Total Checkouts | Full call number | Accession No. (Barcode) | Date last seen | Bill Date | Koha item type | Use restrictions |
|---|---|---|---|---|---|---|---|---|---|---|---|---|---|---|---|---|---|---|---|---|
| Dewey Decimal Classification | AYURVEDA | SGT FA-FP Library | SGT FA-FP Library | Text Book | 28/01/2019 | CHAUKHAMBA PUB | 495.00 | SGTU | CP/B/893 | 615.53 P15M | FA9226 | 27/07/2022 | 18/01/2019 | Books | ||||||
| Dewey Decimal Classification | AYURVEDA | SGT FA-FP Library | SGT FA-FP Library | Text Book | 28/01/2019 | CHAUKHAMBA PUB | 495.00 | SGTU | CP/B/893 | 615.53 P15M | FA9227 | 28/01/2019 | 18/01/2019 | Books | ||||||
| Dewey Decimal Classification | AYURVEDA | SGT FA-FP Library | SGT FA-FP Library | Text Book | 28/01/2019 | CHAUKHAMBA PUB | 495.00 | SGTU | CP/B/893 | 615.53 P15M | FA9228 | 28/01/2019 | 18/01/2019 | Books | ||||||
| Dewey Decimal Classification | AYURVEDA | SGT FA-FP Library | SGT FA-FP Library | Reference Book | 28/01/2019 | CHAUKHAMBA PUB | 495.00 | SGTU | CP/B/893 | 615.53 P15M | FA9229 | 28/01/2019 | 18/01/2019 | Books | Restricted Access | |||||
| Dewey Decimal Classification | AYURVEDA | SGT FA-FP Library | SGT FA-FP Library | Text Book | 28/01/2019 | CHAUKHAMBA PUB | 495.00 | SGTU | CP/B/893 | 615.53 P15M | FA9230 | 28/01/2019 | 18/01/2019 | Books |